000 nam a22 7a 4500
999 _c127183
_d127183
008 171107b xxu||||| |||| 00| 0 eng d
050 _aBD418.3.K65 1994
245 _aFrom Plato to Wittgenstein
_bThe historical foundations of mind
_cEdited by Daniel Kolar
260 _aCarlifornia
_bWadsworth Publishing Company
_c1994
300 _ax, 571p. ;
_c24cm.
650 _aPhilosophy of mind
_xHistory
_xSources
_937415
650 _aPhilosophy of mind
_937416
700 _aKolar, Daniel
_eed.
_937417
942 _2lcc
_cMONOGRAPH